| 000 | 01108nam a22002897a 4500 | ||
|---|---|---|---|
| 001 | 4118 | ||
| 003 | FISKH | ||
| 005 | 20251017163217.0 | ||
| 008 | 240607b cb ||||| |||| 00| 0 eng d | ||
| 020 | _a9781444001099 | ||
| 040 |
_aFISKH _beng _cFISKH _dFISKH |
||
| 082 | _a823.92 | ||
| 100 |
_aSimon, Francesca _eauthor |
||
| 245 |
_aHorrid Henry : _bTricks and Treats / _cby Francesca Simon : Illustrated by Tony Ross |
||
| 250 | _aThis edition was published in 2011 | ||
| 260 |
_aLondon : _bIrion Children's Books ; _c2002 |
||
| 300 |
_a76 pages : _bcolor illustrations ; _c20 cm . |
||
| 490 |
_a Early Readers _vBook 13 |
||
| 505 | _aJ | ||
| 520 | _aIt's Halloween. With a bag full of tricks and the best costume in town, Henry can't wait to go trick or treating. But, oh the shame! Surely Mum doesn't expect him to go out with Peter dressed as a fluffy pink bunny? Read by Miranda Richardson | ||
| 521 | 8 |
_a490
_bLexile |
|
| 521 | 8 |
_aJ
_bRaz-Plus |
|
| 650 |
_aHalloween _vChildren Literature |
||
| 700 |
_aRoss, Tony _eillustrator |
||
| 942 |
_2ddc _cBK _n0 |
||
| 999 |
_c4118 _d4118 |
||